Can you name the things in a pencil case Quiz Stats

 Plays Quiz not verified by Sporcle

Support Sporcle.
Go Orange.
Score 0/12 Timer 03:00
0 Plays Today
item % Correct
pen
98.3%
pencil
96.7%
rubber
92.6%
ruler
80.2%
sharpener
69.4%
highlighter
54.4%
protractor
52.1%
calculator
52.1%
pair of compasses
47.1%
coloured pencils
37.2%
set square
22.3%
felttips
19%

You're not logged in!

Compare scores with friends on all Sporcle quizzes.
OR
Log In

From the Vault

Rhymes with 'Need'

by cfmike

We're telling ya, you really need to try this!
Remove Ads.
Support Sporcle.
Get the best of Sporcle when you Go Orange. This ad-free experience offers more features, more stats, and more fun while also helping to support Sporcle. Thank you for becoming a member.

Show Comments

Extras

Created Feb 23, 2012ReportNominate
Tags:calculator, pen, pencil, Rubber, Ruler, school

Top Quizzes Today


Score Distribution

Your Account Isn't Verified!

In order to create a playlist on Sporcle, you need to verify the email address you used during registration. Go to your Sporcle Settings to finish the process.

Report this User

Report this user for behavior that violates our Community Guidelines.

Details: